kku e-library facility

Ordinary Differential Equations: A Graduate Text (Record no. 203)

MARC details
000 -LEADER
fixed length control field 00409nam a2200133 4500
005 - DATE AND TIME OF LATEST TRANSACTION
control field 20260327095909.0
008 - FIXED-LENGTH DATA ELEMENTS--GENERAL INFORMATION
fixed length control field 260327b |||||||| |||| 00| 0 eng d
020 ## - INTERNATIONAL STANDARD BOOK NUMBER
International Standard Book Number 978-81-8487-415-0
100 ## - MAIN ENTRY--PERSONAL NAME
Personal name Bhamra K. S
245 ## - TITLE STATEMENT
Title Ordinary Differential Equations: A Graduate Text
Statement of responsibility, etc. /K. S. Bhamra
260 ## - PUBLICATION, DISTRIBUTION, ETC.
Place of publication, distribution, etc. New Delhi;
Name of publisher, distributor, etc. Narosa Publishing House Pvt.Ltd;
Date of publication, distribution, etc. 2015
300 ## - PHYSICAL DESCRIPTION
Extent xxiv,44.38p.ill;
Dimensions 24cm
942 ## - ADDED ENTRY ELEMENTS (KOHA)
Source of classification or shelving scheme Library of Congress Classification
Suppress in OPAC No
Koha item type Books

No items available.

©2025 All rights reserved. KKU